004490000a220010900045001000024000002450134000243000052001587730014002109420008002249520090002329990017003221 aHernandez, Germán10aOlor de santidad : Comienza el proceso para beatificar al fraile franciscano Rafael Almanza, fallecido en Bogotá hace 67 años aVol. 53, Num. 53 (Junio, 1994), Páginas 54-550 tCambio 16 cANA 001040708HEMaFUSBCbFUSBCd2016-01-26l0o r2016-01-26 00:00:00w2016-01-26yANA c58487d58487